1875 1375 1433 1735 1883 1081 1172 1920 1937 1397 1123 1182 1416 1294 1907 1214 1941 1402 1908 1139 1966 1752 1590 1171 1311 1272 1972 1680 1392 1367 1074 1080 1171 1388 1620 1870 1749 1724 1292 1866 1465 1037 1594 1825 1691 1284 1773 1781 1847 1021 1696 1052 1513 1784 1672 1409 1789 1573 1163 1368 1588 1619 1016 1303 1568 1329 1216 1710 1157 1535 1143 1966 1389 1315 1936 1406 1336 1884 1425 1216 1513 1257 1927 1459 1460 1914 1938 1536 1418 1879 1535 1877 1309 1224 1948 1728 1986 1189 1951 BCNSPRNW ULIB Ver.6.0+V

เปลี่ยนเป็นภาษาไทย

Change to English
 แสดงรายละเอียดบรรณานุกรม
  กลับหน้าหลัก

Brief Record : Get Marc (ISO 2709) : E-mail record : QR code < ปิดหน้าต่าง
LEADER : 00000nam 2200000uu 4500
001    13399120000
003     ULIB
008    120821s2554||||th 000 0 tha d
020    ^a9789741115426
060 04 ^aWY152^bศ371
245 00 ^aศาสตร์และศิลป์การพยาบาลผู้สูงอายุ /^cวิไลวรรณ ทองเจริญ, บรรณาธิการ
250    ^aพิมพ์ครั้งที่ 1
260    ^aกรุงเทพฯ :^bโครงการตำราคณะพยาบาลศาสตร์ มหาวิทยาลัยมหิดล, ^c2554
300    ^a(10), 366 หน้า :^bภาพประกอบ ;^c26 ซม.
650  4 ^aผู้สูงอายุ^xการพยาบาล
650  7 ^aการพยาบาลผู้สูงอายุ
700 0  ^aวิไลวรรณ ทองเจริญ,^eบรรณาธิการ
710 2  ^aมหาวิทยาลัยมหิดล. ^bคณะพยาบาลศาสตร์
945    ^p350^l0^i032418
945    ^p350^l0^i032419
945    ^p350^l0^i032420
945    ^p350^l0^i032421
945    ^p350^l0^i032422
945    ^p350^l0^i032423
945    ^p350^l0^i032424
945    ^p350^l0^i032908
945    ^p350^l0^i032909
945    ^p350^l0^i032910
995    ^aเกษร
999    ^aใช้งานได้ทุกระบบ
รายการนี้ยังไม่มีแท็ก
คุณยังไม่ได้ล็อกอิน คุณสามารถมีกิจกรรมร่วมกับเว็บไซต์ได้ แต่ต้องล็อกอินก่อน ::
  ล็อกอิน

รายการสื่อสารสนเทศ

ลำดับที่ ประเภท เลขเรียก/บาร์โค้ด สถานที่ สถานะ
1. วิทยาศาสตร์การแพทย์ และสุขภาพ
หนังสือสำรอง
สถานะ=หนังสือสำรอง
WY152 ศ371 ฉ.1 
  Barcode: 032418
ห้องสมุดวิทยาเขตสวรรค์ประชารักษ์
►ส่วนจัดเก็บหนังสือเก่า สปร
บนชั้น
  ขอยืม
2. วิทยาศาสตร์การแพทย์ และสุขภาพ
วิทยาศาสตร์การแพทย์ และสุขภาพ
WY152 ศ371 ฉ.10 
  Barcode: 032910
ห้องสมุดวิทยาเขตสวรรค์ประชารักษ์
►ส่วนจัดเก็บหนังสือเก่า สปร
บนชั้น
  ขอยืม
3. วิทยาศาสตร์การแพทย์ และสุขภาพ
วิทยาศาสตร์การแพทย์ และสุขภาพ
WY152 ศ371 ฉ.3 
  Barcode: 032420
ห้องสมุดวิทยาเขตสวรรค์ประชารักษ์
►ส่วนจัดเก็บหนังสือเก่า สปร
บนชั้น
  ขอยืม
4. วิทยาศาสตร์การแพทย์ และสุขภาพ
วิทยาศาสตร์การแพทย์ และสุขภาพ
WY152 ศ371 ฉ.4 
  Barcode: 032421
ห้องสมุดวิทยาเขตสวรรค์ประชารักษ์
►ส่วนจัดเก็บหนังสือเก่า สปร
บนชั้น
  ขอยืม
5. วิทยาศาสตร์การแพทย์ และสุขภาพ
วิทยาศาสตร์การแพทย์ และสุขภาพ
WY152 ศ371 ฉ.5 
  Barcode: 032422
ห้องสมุดวิทยาเขตสวรรค์ประชารักษ์
►ส่วนจัดเก็บหนังสือเก่า สปร
บนชั้น
  ขอยืม
6. วิทยาศาสตร์การแพทย์ และสุขภาพ
วิทยาศาสตร์การแพทย์ และสุขภาพ
WY152 ศ371 ฉ.6 
  Barcode: 032423
ห้องสมุดวิทยาเขตสวรรค์ประชารักษ์
►ส่วนจัดเก็บหนังสือเก่า สปร
บนชั้น
  ขอยืม
7. วิทยาศาสตร์การแพทย์ และสุขภาพ
วิทยาศาสตร์การแพทย์ และสุขภาพ
WY152 ศ371 ฉ.7 
  Barcode: 032424
ห้องสมุดวิทยาเขตสวรรค์ประชารักษ์
►ส่วนจัดเก็บหนังสือเก่า สปร
บนชั้น
  ขอยืม
8. วิทยาศาสตร์การแพทย์ และสุขภาพ
วิทยาศาสตร์การแพทย์ และสุขภาพ
WY152 ศ371 ฉ.8 
  Barcode: 032908
ห้องสมุดวิทยาเขตสวรรค์ประชารักษ์
►ส่วนจัดเก็บหนังสือเก่า สปร
บนชั้น
  ขอยืม
9. วิทยาศาสตร์การแพทย์ และสุขภาพ
วิทยาศาสตร์การแพทย์ และสุขภาพ
WY152 ศ371 ฉ.9 
  Barcode: 032909
ห้องสมุดวิทยาเขตสวรรค์ประชารักษ์
►ส่วนจัดเก็บหนังสือเก่า สปร
บนชั้น
  ขอยืม

รายการใกล้เคียง
    หัวเรื่อง [การพยาบาลผู้สูงอายุ]

BibComment


ยังไม่เคยถูกคอมเมนท์

คอมเมนท์ทรัพยากรรายการนี้
  คอมเมนท์: ศาสตร์และศิลป์กา..


 Copyright 2026. Bcnsprnw @Library